[Event "London Classic Superrapid"]
[Site "London ENG"]
[Date "2015.12.12"]
[Round "1.1"]
[White "Sadler, Matthew D"]
[Black "Kalaiyalahan, Akshaya"]
[Result "1-0"]
[WhiteTitle "GM"]
[WhiteElo "2659"]
[BlackElo "2231"]
[WhiteFideId "400173"]
[BlackFideId "422894"]
[EventDate "2015.12.12"]

1. e4 c5 2. Nf3 Nc6 3. Bb5 g6 4. Bxc6 dxc6 5. d3 Bg7 6. h3 e5 7. O-O Ne7 8. Be3
b6 9. Nbd2 Qc7 10. a4 a5 11. Nc4 Ba6 12. Nfd2 O-O 13. b4 Bxc4 14. Nxc4 axb4 15.
a5 b5 16. Nb6 Ra6 17. Bxc5 Rd8 18. Bxb4 c5 19. Bd2 Nc6 20. Qb1 b4 21. c3 Rxa5
22. Rxa5 Nxa5 23. Nd5 Qb7 24. cxb4 cxb4 25. Bxb4 Nc6 26. Bc3 Qxb1 27. Rxb1 Nd4
28. Bxd4 exd4 29. Kf1 Ra8 30. Rb2 h5 31. h4 Bf8 32. Ke2 Kg7 33. g3 Rc8 34. Kf3
Ra8 35. Rc2 Ra3 36. Ke2 Ra4 37. Nb6 Rb4 38. Nc4 Be7 39. Ra2 Rb7 40. Ra5 Rd7 41.
Ra4 Bc5 42. Kf3 Rb7 43. e5 Rd7 44. Ke4 Ra7 45. Rxa7 Bxa7 46. Kd5 Kf8 47. Na5 Bb6
48. Nb3 Ke7 49. Nxd4 Kd7 50. Ke4 Ba5 51. Nf3 Ke6 52. Ng5+ Ke7 53. d4 f6 54. Nf3
fxe5 55. Nxe5 Kf6 56. Nd3 Bc7 57. Nf4 Ba5 58. Ng2 g5 59. hxg5+ Kxg5 60. d5 Bc7
61. Ne3 h4 62. gxh4+ Kxh4 63. d6 Bd8 64. Nc4 Kg5 65. Ne5 Kf6 66. Nc6 Bb6 67. d7 1-0

[Event "London Classic Superrapid"]
[Site "London ENG"]
[Date "2015.12.12"]
[Round "1.2"]
[White "Golding, James"]
[Black "Howell, David W L"]
[Result "0-1"]
[BlackTitle "GM"]
[WhiteElo "1862"]
[BlackElo "2693"]
[WhiteFideId "427250"]
[BlackFideId "410608"]
[EventDate "2015.12.12"]

1. d4 Nf6 2. c4 c5 3. d5 b5 4. cxb5 a6 5. bxa6 g6 6. Nc3 Bg7 7. Nf3 O-O 8. g3
Bxa6 9. e4 Qa5 10. Bd2 d6 11. Qc2 e6 12. e5 dxe5 13. dxe6 Nc6 14. exf7+ Rxf7 15.
Ne4 Nb4 16. Qxc5 Qxc5 17. Nxc5 Nc2+ 18. Kd1 Bxf1 19. Nxe5 Nxa1 20. Nxf7 Bg2 21.
Rg1 Bf3+ 22. Kc1 Kxf7 23. Kb1 Bd5 24. Kxa1 Rxa2+ 25. Kb1 Ne4 26. Nxe4 Rxb2+ 27.
Kc1 Bxe4 0-1

[Event "London Classic Superrapid"]
[Site "London ENG"]
[Date "2015.12.12"]
[Round "1.3"]
[White "Lenderman, Aleksandr"]
[Black "Herring, Samuel"]
[Result "1-0"]
[WhiteTitle "GM"]
[WhiteElo "2627"]
[BlackElo "1908"]
[WhiteFideId "2021285"]
[BlackFideId "429767"]
[EventDate "2015.12.12"]

1. Nf3 d5 2. e3 Nf6 3. c4 c6 4. d4 e6 5. b3 Nbd7 6. Bb2 Bd6 7. Nbd2 O-O 8. Bd3
Qe7 9. Ne5 Ba3 10. Bxa3 Qxa3 11. f4 c5 12. O-O cxd4 13. exd4 b6 14. Qf3 Bb7 15.
Qh3 g6 16. Qe3 Rfd8 17. h3 Rac8 18. Kh2 Qd6 19. Rae1 Nf8 20. Ndf3 Ne4 21. Bxe4
dxe4 22. Ng5 Qxd4 23. Nexf7 Qxe3 24. Rxe3 Rd2 25. a4 Kg7 26. Ne5 Rcd8 27. Nxe4
Bxe4 28. Rxe4 Rb2 29. Rf3 Rdd2 30. Rg3 Kf6 31. Nf3 Rd3 32. Nd4 Rbd2 33. Rxd3
Rxd3 34. Kg1 Rd2 35. Kf1 h6 36. h4 h5 37. g3 Kf7 38. Nf3 Rb2 39. Re3 Kf6 40. Rd3
Rb1+ 41. Kf2 Rb2+ 42. Ke1 Rg2 43. Ne5 Rb2 44. Rd8 Ke7 45. Nc6+ Kf7 46. b4 Rc2
47. Ra8 Ra2 48. Rxa7+ Kf6 49. Ne5 Rb2 50. Rf7# 1-0

[Event "London Classic Superrapid"]
[Site "London ENG"]
[Date "2015.12.12"]
[Round "1.5"]
[White "Hawkins, Jonathan"]
[Black "Varney, Zoe"]
[Result "1-0"]
[WhiteTitle "GM"]
[WhiteElo "2563"]
[BlackElo "1847"]
[WhiteFideId "412686"]
[BlackFideId "436135"]
[EventDate "2015.12.12"]

1. d4 d5 2. c4 c6 3. Nf3 Nf6 4. Nc3 e6 5. e3 Nbd7 6. Qc2 Bd6 7. Bd3 O-O 8. O-O
h6 9. Rd1 Qe7 10. c5 Bc7 11. e4 dxe4 12. Nxe4 Nxe4 13. Bxe4 e5 14. Re1 Re8 15.
Bd3 Qf8 16. Be3 g6 17. Bxg6 fxg6 18. Qxg6+ Kh8 19. Bxh6 Qg8 20. Bg7+ Qxg7 21.
Qxe8+ Kh7 22. Re4 Nf8 23. Nxe5 Kg8 24. Nxc6 bxc6 25. Re7 Bxh2+ 26. Kxh2 Qxd4 27.
Qf7+ Kh8 28. Qxf8# 1-0

[Event "London Classic Superrapid"]
[Site "London ENG"]
[Date "2015.12.12"]
[Round "1.6"]
[White "Wei, Naomi"]
[Black "Melkumyan, Hrant"]
[Result "0-1"]
[BlackTitle "GM"]
[WhiteElo "1783"]
[BlackElo "2632"]
[WhiteFideId "425850"]
[BlackFideId "13302485"]
[EventDate "2015.12.12"]

1. d4 Nf6 2. c4 c5 3. d5 b5 4. cxb5 a6 5. bxa6 g6 6. Nc3 Bg7 7. e4 O-O 8. Nf3
Qa5 9. Bd3 Nxd5 10. exd5 Bxc3+ 11. Kf1 Bg7 12. Bd2 Qb6 13. Bc3 Bxa6 14. g3 Bxd3+
15. Qxd3 Qa6 16. Qxa6 Nxa6 17. Kg2 Nb4 18. Bxg7 Kxg7 19. Rac1 d6 20. Rhd1 Rxa2
21. Rb1 Rb8 22. Rd2 Rb5 23. Re1 Kf6 24. Re4 c4 25. Rf4+ Kg7 26. Ng5 f6 27. Ne6+
Kf7 28. Ng5+ Ke8 29. Ne6 Kf7 30. Nc7 Rc5 31. Ne6 Rxd5 32. Rxd5 Nxd5 33. Nd8+ Ke8
34. Rd4 Kxd8 35. Rxd5 Rxb2 36. Rd4 Rc2 37. Kf3 Kd7 38. Ke3 e5 39. Rh4 h5 40. g4
hxg4 41. Rxg4 g5 42. h4 gxh4 43. Rxh4 d5 44. Rh6 Ke6 45. Rh8 d4+ 46. Kf3 c3 47.
Rd8 Rd2 48. Re8+ Kf5 49. Rc8 c2 50. Rc5 Rd3+ 51. Ke2 Rc3 52. Ke1 0-1

[Event "London Classic Superrapid"]
[Site "London ENG"]
[Date "2015.12.12"]
[Round "1.8"]
[White "McDonnell, James J."]
[Black "Hebden, Mark L"]
[Result "0-1"]
[BlackTitle "GM"]
[WhiteElo "1919"]
[BlackElo "2467"]
[WhiteFideId "2500787"]
[BlackFideId "400084"]
[EventDate "2015.12.12"]

1. e4 e5 2. Nf3 Nc6 3. Bb5 a6 4. Ba4 Nf6 5. Qe2 Be7 6. c3 b5 7. Bb3 O-O 8. O-O
d5 9. d3 Re8 10. Re1 h6 11. Nbd2 Bf8 12. Nf1 Bb7 13. Ng3 Na5 14. Bc2 c5 15. Nf5
c4 16. dxc4 Nxc4 17. Ng3 Rc8 18. exd5 Qxd5 19. Ne4 Nxe4 20. Bxe4 Qxe4 21. Qxe4
Bxe4 22. Rxe4 f6 23. a4 Red8 24. Re1 b4 25. b3 Na5 26. Be3 Nxb3 27. Rab1 Rxc3
28. Bb6 Rd5 29. a5 Nxa5 30. Ra1 Nc4 31. Rxa6 Rd6 32. h3 Rxb6 33. Ra8 Rxf3 34.
gxf3 b3 35. Rd1 b2 36. Rdd8 b1=Q+ 37. Kh2 Qb4 0-1

[Event "London Classic Superrapid"]
[Site "London ENG"]
[Date "2015.12.12"]
[Round "1.9"]
[White "Pert, Nicholas"]
[Black "Buonanno, Massimo"]
[Result "1-0"]
[WhiteTitle "GM"]
[WhiteElo "2569"]
[BlackElo "1991"]
[WhiteFideId "403989"]
[BlackFideId "813958"]
[EventDate "2015.12.12"]

1. d4 Nf6 2. Nf3 c5 3. d5 d6 4. Nc3 Bf5 5. Nd2 Nbd7 6. e4 Bg6 7. Be2 a6 8. a4
Qc7 9. O-O h5 10. f4 h4 11. h3 Bh5 12. Nc4 Bxe2 13. Qxe2 Nh5 14. Qf3 Ng3 15. Re1
O-O-O 16. Be3 g6 17. Ne2 Nxe2+ 18. Rxe2 Bg7 19. Bf2 Kb8 20. Rb1 f5 21. exf5 Bf6
22. fxg6 Rdg8 23. f5 Ne5 24. Nxe5 Bxe5 25. b4 c4 26. b5 a5 27. b6 Qd7 28. Rbe1
Rf8 29. Rxe5 dxe5 30. g7 1-0

[Event "London Classic Superrapid"]
[Site "London ENG"]
[Date "2015.12.12"]
[Round "1.12"]
[White "Sanghera, Parminder"]
[Black "Edouard, Romain"]
[Result "0-1"]
[BlackTitle "GM"]
[WhiteElo "2112"]
[BlackElo "2635"]
[WhiteFideId "2402424"]
[BlackFideId "633429"]
[EventDate "2015.12.12"]

1. Nf3 b6 2. d4 Bb7 3. Bg5 g6 4. e3 Bg7 5. Be2 Nf6 6. O-O d6 7. c3 Nbd7 8. Nbd2
O-O 9. h3 e5 10. Rc1 h6 11. Bh4 Qe8 12. Nb3 Ne4 13. Nfd2 g5 14. Nxe4 gxh4 15.
Ned2 f5 16. Bf3 e4 17. Bh5 Qe7 18. Re1 Kh8 19. c4 Rg8 20. Be2 Qg5 21. Bf1 f4 22.
exf4 Qxf4 23. Qg4 Raf8 24. Qxf4 Rxf4 25. c5 dxc5 26. dxc5 bxc5 27. Nxc5 Nxc5 28.
Rxc5 Bd4 29. Nxe4 Bxe4 30. Rxe4 Bxf2+ 31. Kh1 Rxe4 32. Rf5 Bg3 0-1

[Event "London Classic Superrapid"]
[Site "London ENG"]
[Date "2015.12.12"]
[Round "1.14"]
[White "Willow, Jonah B"]
[Black "Ghasi, Ameet K"]
[Result "0-1"]
[BlackTitle "IM"]
[WhiteElo "1915"]
[BlackElo "2469"]
[WhiteFideId "438804"]
[BlackFideId "409200"]
[EventDate "2015.12.12"]

1. b3 d6 2. Bb2 Nd7 3. e3 Ngf6 4. f4 e5 5. fxe5 dxe5 6. Bc4 Bd6 7. Nf3 O-O 8.
O-O c6 9. a4 e4 10. Nd4 Ne5 11. Be2 Nfg4 12. Nf5 Bxf5 13. Rxf5 g6 14. Bxg4 gxf5
15. Bxf5 Qg5 16. Qf1 Nf3+ 17. Kh1 Nxh2 18. Bh3 Nxf1 0-1

[Event "London Classic Superrapid"]
[Site "London ENG"]
[Date "2015.12.12"]
[Round "1.15"]
[White "Grigoriants, Sergey"]
[Black "Wlodarski, Michal"]
[Result "1-0"]
[WhiteTitle "GM"]
[WhiteElo "2603"]
[BlackElo "1939"]
[WhiteFideId "4130804"]
[BlackFideId "1137310"]
[EventDate "2015.12.12"]

1. e4 c6 2. d4 d5 3. Nc3 dxe4 4. Nxe4 Nd7 5. Ng5 Ngf6 6. Bd3 e6 7. N1f3 Bd6 8.
Qe2 Nb6 9. Ne5 O-O 10. O-O c5 11. dxc5 Bxc5 12. Ng4 Nbd7 13. Nxf6+ Nxf6 14. Nxh7
Nxh7 15. Bxh7+ Kxh7 16. Qh5+ Kg8 17. Qxc5 b6 18. Qe5 Bb7 19. c4 Rc8 20. b3 Qe7
21. Re1 Rfe8 22. Qg3 Rcd8 23. Bh6 g6 24. Re3 Rd7 25. Rae1 Qf6 26. Bg5 Qd4 27.
Qh3 Qd1 28. Bf6 Qh5 29. g4 1-0

[Event "London Classic Superrapid"]
[Site "London ENG"]
[Date "2015.12.12"]
[Round "1.16"]
[White "Cavendish, Joshua Z"]
[Black "Jones, Gawain C B"]
[Result "0-1"]
[BlackTitle "GM"]
[WhiteElo "1832"]
[BlackElo "2615"]
[WhiteFideId "418005"]
[BlackFideId "409561"]
[EventDate "2015.12.12"]

1. e4 c5 2. Nc3 Nc6 3. Bc4 Nf6 4. f4 Nxe4 5. Bxf7+ Kxf7 6. Qh5+ g6 7. Qd5+ e6 8.
Qxe4 Nb4 9. Kd1 d5 10. Qe2 d4 11. Ne4 d3 12. cxd3 Qxd3 13. Nf3 Qc2+ 14. Ke1 Nd3+
15. Qxd3 Qxd3 16. Ne5+ Ke7 17. Nxd3 b6 18. O-O Ba6 0-1

[Event "London Classic Superrapid"]
[Site "London ENG"]
[Date "2015.12.12"]
[Round "1.17"]
[White "Jumabayev, Rinat"]
[Black "Davis, Holden"]
[Result "1-0"]
[WhiteTitle "GM"]
[WhiteElo "2599"]
[BlackElo "1707"]
[WhiteFideId "13702661"]
[BlackFideId "440019"]
[EventDate "2015.12.12"]

1. Nf3 Nf6 2. c4 g6 3. g3 Bg7 4. Bg2 O-O 5. d4 d6 6. O-O Nc6 7. Nc3 e5 8. h3 Nd7
9. Be3 f5 10. dxe5 Ndxe5 11. Nxe5 Nxe5 12. c5 Kh8 13. cxd6 cxd6 14. Qb3 Qe7 15.
Rad1 Nc6 16. Qa3 Be5 17. Bf4 Re8 18. Bxe5+ dxe5 19. Qxe7 Nxe7 20. Nb5 Rf8 21.
Rd6 e4 22. f3 exf3 23. Bxf3 Nc6 24. Rfd1 f4 25. g4 h5 26. Rxg6 hxg4 27. hxg4 Ne5
28. Rg5 Nxf3+ 29. exf3 b6 30. Kf2 Bb7 31. Rh1# 1-0

[Event "London Classic Superrapid"]
[Site "London ENG"]
[Date "2015.12.12"]
[Round "1.18"]
[White "Rice, Chris B"]
[Black "Bok, Benjamin"]
[Result "0-1"]
[BlackTitle "GM"]
[WhiteElo "1956"]
[BlackElo "2591"]
[WhiteFideId "404446"]
[BlackFideId "1017063"]
[EventDate "2015.12.12"]

1. c4 g6 2. g3 Bg7 3. Bg2 e5 4. Nc3 d6 5. e4 Nc6 6. Nge2 h5 7. h4 Nh6 8. d3 Be6
9. Nd5 O-O 10. f3 Ne7 11. Be3 c6 12. Nxe7+ Qxe7 13. Qd2 Kh7 14. O-O f5 15. Bg5
Qd7 16. Rac1 Nf7 17. Be3 d5 18. cxd5 cxd5 19. f4 fxe4 20. dxe4 d4 21. Bf2 Rad8
22. fxe5 Nxe5 23. Nf4 Bg4 24. Rc5 Nf3+ 25. Bxf3 Bxf3 26. Qd3 Rxf4 27. gxf4 Qg4+ 0-1

[Event "London Classic Superrapid"]
[Site "London ENG"]
[Date "2015.12.12"]
[Round "1.19"]
[White "Speelman, Jon S"]
[Black "Tissot, Alice"]
[Result "1-0"]
[WhiteTitle "GM"]
[WhiteElo "2517"]
[BlackElo "1923"]
[WhiteFideId "400033"]
[BlackFideId "646687"]
[EventDate "2015.12.12"]

1. d4 Nf6 2. Nf3 g6 3. c4 d6 4. Nc3 Bg7 5. e4 O-O 6. h3 Nbd7 7. Be3 e5 8. d5 a6
9. Nd2 h6 10. g4 Nh7 11. h4 f5 12. gxf5 gxf5 13. exf5 Ndf6 14. Bd3 e4 15. Ndxe4
Nxe4 16. Nxe4 Bxb2 17. Rg1+ Kh8 18. Rb1 Bg7 19. Rxg7 Kxg7 20. Bd4+ Nf6 21. Qg4+ 1-0

[Event "London Classic Superrapid"]
[Site "London ENG"]
[Date "2015.12.12"]
[Round "2.1"]
[White "Claridge-Hansen, William"]
[Black "Sadler, Matthew D"]
[Result "0-1"]
[WhiteTitle "FM"]
[BlackTitle "GM"]
[WhiteElo "2300"]
[BlackElo "2659"]
[WhiteFideId "422509"]
[BlackFideId "400173"]
[EventDate "2015.12.12"]

1. c4 e5 2. g3 Nf6 3. Bg2 c6 4. d4 e4 5. d5 Bc5 6. Nc3 O-O 7. Nxe4 Nxe4 8. Bxe4
Qb6 9. e3 Qb4+ 10. Bd2 Qxc4 11. Bg2 d6 12. Qb3 Qa6 13. Ne2 Nd7 14. Bc3 Re8 15.
Qc2 Ne5 16. O-O Bg4 17. Nf4 cxd5 18. Nxd5 Rac8 19. b4 Bb6 20. a4 Qc4 21. Qa2
Nf3+ 22. Kh1 Qe4 23. Nxb6 Rxc3 24. Nd5 Rc2 25. Qb3 Rec8 26. Rad1 Qe6 27. Qd3 Ne5 0-1

[Event "London Classic Superrapid"]
[Site "London ENG"]
[Date "2015.12.12"]
[Round "2.2"]
[White "Howell, David W L"]
[Black "Taylor, Adam C"]
[Result "1-0"]
[WhiteTitle "GM"]
[BlackTitle "FM"]
[WhiteElo "2693"]
[BlackElo "2292"]
[WhiteFideId "410608"]
[BlackFideId "424668"]
[EventDate "2015.12.12"]

1. Nf3 Nf6 2. b3 d5 3. Bb2 e6 4. g3 Be7 5. Bg2 O-O 6. O-O c5 7. c4 Nc6 8. e3 b6
9. Nc3 Bb7 10. cxd5 Nxd5 11. Nxd5 Qxd5 12. d4 Rac8 13. Ne5 Qd8 14. dxc5 Nxe5 15.
Bxb7 Rxc5 16. Bg2 Qb8 17. Qe2 Rfc8 18. Rad1 Rc2 19. Rd2 Rxd2 20. Qxd2 Rd8 21.
Qc2 h6 22. h3 Bf6 23. Ba3 Qc8 24. Rc1 Qa6 25. Bb2 Qxa2 26. Ra1 Qxb2 27. Qxb2
Nf3+ 28. Bxf3 Bxb2 29. Rxa7 Rb8 30. Kf1 Bc3 31. Rc7 Bb4 32. Bc6 Kf8 33. Ke2 Bd6
34. Rd7 Be7 35. f4 g6 36. g4 Rc8 37. Ba4 Rc3 38. Rd3 Rxd3 39. Kxd3 Bd8 40. Kc4
Ke7 41. Kb5 Kd6 42. b4 f6 43. Ka6 g5 44. Kb7 e5 45. f5 Kd5 46. Bc6+ Kd6 47. e4
Bc7 48. Be8 Bd8 49. Kc8 Be7 50. Ba4 Bf8 51. Kd8 h5 52. gxh5 Bh6 53. Ke8 g4 54.
hxg4 Bd2 55. Kf7 Bg5 56. Kg7 1-0

[Event "London Classic Superrapid"]
[Site "London ENG"]
[Date "2015.12.12"]
[Round "2.3"]
[White "Coleman, David J"]
[Black "Lenderman, Aleksandr"]
[Result "1-0"]
[WhiteTitle "CM"]
[BlackTitle "GM"]
[WhiteElo "2179"]
[BlackElo "2627"]
[WhiteFideId "402087"]
[BlackFideId "2021285"]
[EventDate "2015.12.12"]

1. e4 d6 2. d4 Nf6 3. Nc3 e5 4. Nf3 Nbd7 5. Bc4 Be7 6. O-O O-O 7. a4 c6 8. h3 b6
9. Qe2 Bb7 10. Rd1 Qc7 11. dxe5 Nxe5 12. Bf4 Rad8 13. Ba2 Nfd7 14. Nd4 Rfe8 15.
Bh2 Bf8 16. f4 Ng6 17. Bxf7+ Kxf7 18. Qc4+ d5 19. Nxd5 Ba6 20. Qa2 Qd6 21. Ne7+
Kxe7 22. Nf5+ Kf6 23. Nxd6 Bxd6 24. Rxd6+ Ke7 25. Rad1 Ngf8 26. Bg3 g5 27. f5
Be2 28. e5 Rc8 29. R1d2 Bh5 30. f6+ Kd8 31. e6 Rxe6 32. Rxd7+ Nxd7 33. Qxe6 1-0

[Event "London Classic Superrapid"]
[Site "London ENG"]
[Date "2015.12.12"]
[Round "2.5"]
[White "Thompson, Ian D"]
[Black "Hawkins, Jonathan"]
[Result "0-1"]
[WhiteTitle "FM"]
[BlackTitle "GM"]
[WhiteElo "2191"]
[BlackElo "2563"]
[WhiteFideId "405205"]
[BlackFideId "412686"]
[EventDate "2015.12.12"]

1. c4 e6 2. Nc3 d5 3. d4 Nf6 4. Bg5 Be7 5. e3 O-O 6. cxd5 exd5 7. Bd3 Nbd7 8.
Rc1 c6 9. Qc2 Re8 10. Nge2 Nf8 11. O-O Ng6 12. Nf4 Ne4 13. Bxe7 Rxe7 14. Nxg6
hxg6 15. Nxe4 dxe4 16. Bxe4 Re8 17. Bd3 Be6 18. b4 Qh4 19. g3 Qh5 20. f4 a5 21.
b5 cxb5 22. Bxb5 Qxb5 0-1

[Event "London Classic Superrapid"]
[Site "London ENG"]
[Date "2015.12.12"]
[Round "2.6"]
[White "Melkumyan, Hrant"]
[Black "Haribalu, V."]
[Result "1-0"]
[WhiteTitle "GM"]
[WhiteElo "2632"]
[BlackElo "2174"]
[WhiteFideId "13302485"]
[BlackFideId "5015189"]
[EventDate "2015.12.12"]

1. e4 c5 2. Nf3 e6 3. g3 Nc6 4. Bg2 d5 5. exd5 exd5 6. O-O Bd6 7. d4 Nge7 8. Nc3
O-O 9. Nb5 Bg4 10. h3 Bxf3 11. Bxf3 Nxd4 12. Nxd4 cxd4 13. Qxd4 Qc8 14. c3 Bc5
15. Qg4 f5 16. Qf4 Kh8 17. Kg2 Ng6 18. Qg5 d4 19. Qd2 Ne5 20. Bd5 Qd7 21. c4 f4
22. gxf4 Ng6 23. Qd3 Nxf4+ 24. Bxf4 Rxf4 25. Rae1 Raf8 26. Re5 Qd6 27. Re6 Qd8
28. Re4 Qg5+ 29. Qg3 Qxg3+ 30. Kxg3 Rf3+ 31. Kg2 d3 32. b4 Rxf2+ 33. Rxf2 Bxf2
34. c5 d2 35. Bb3 g5 36. Re7 Be1 37. Rxb7 Rf2+ 38. Kg1 Rf3 39. Rd7 Rc3 40. Ba4
a5 41. c6 axb4 42. c7 Bg3 43. Rd8+ Kg7 44. c8=Q Rc1+ 45. Kg2 1-0

[Event "London Classic Superrapid"]
[Site "London ENG"]
[Date "2015.12.12"]
[Round "2.7"]
[White "Foisor, Mihaela-Veronica"]
[Black "Bauer, Christian"]
[Result "0-1"]
[WhiteTitle "WIM"]
[BlackTitle "GM"]
[WhiteElo "2240"]
[BlackElo "2626"]
[WhiteFideId "2270757"]
[BlackFideId "603767"]
[EventDate "2015.12.12"]

1. d4 a6 2. g3 e6 3. Bg2 c5 4. Nf3 cxd4 5. Nxd4 Qc7 6. O-O Nf6 7. b3 d5 8. Bb2
e5 9. Nf3 Nc6 10. Nbd2 Be7 11. c4 d4 12. Ne1 Bf5 13. e4 dxe3 14. fxe3 Bg6 15.
Qe2 Rd8 16. Rd1 O-O 17. Kh1 Qa5 18. Ndf3 Qxa2 19. Ra1 Qxb3 20. Nxe5 Nxe5 21.
Bxe5 Rfe8 22. Bd4 Ne4 23. Qa2 Qxa2 24. Rxa2 Rc8 25. Nf3 Bd6 26. Rc1 Nc5 27. Nh4
Nb3 28. Rg1 Bd3 29. Bxb7 Bxc4 30. Bxc8 Rxc8 31. Rf2 Bd5+ 32. Ng2 a5 33. Rb1 Be4
34. Rbf1 f6 35. Kg1 a4 36. Nf4 a3 37. Ra2 Bb4 38. Rb1 Bxb1 0-1

[Event "London Classic Superrapid"]
[Site "London ENG"]
[Date "2015.12.12"]
[Round "2.8"]
[White "Hebden, Mark L"]
[Black "Maroroa, Sue"]
[Result "1-0"]
[WhiteTitle "GM"]
[BlackTitle "WIM"]
[WhiteElo "2467"]
[BlackElo "2098"]
[WhiteFideId "400084"]
[BlackFideId "4301498"]
[EventDate "2015.12.12"]

1. d4 Nf6 2. Nf3 g6 3. Nc3 d5 4. Bf4 Bg7 5. Qd2 O-O 6. Bh6 c5 7. Bxg7 Kxg7 8.
dxc5 Nc6 9. O-O-O Qa5 10. e3 Qxc5 11. Bb5 Bg4 12. Bxc6 bxc6 13. Qd4 Qa5 14. Qe5
Rab8 15. Rd4 Bxf3 16. gxf3 Rb7 17. Ra4 Qb6 18. b3 Kg8 19. h4 Nd7 20. Qxe7 Nc5
21. Qf6 Nxa4 22. Nxa4 Qd8 23. Qc3 h5 24. Nc5 Rb6 25. f4 Qe7 26. a4 Rd8 27. f5 d4
28. exd4 Qf6 29. fxg6 fxg6 30. Rg1 Kh7 31. Qd3 Rd5 32. Kb1 Rb4 33. c3 Rb8 34.
Ne4 Qf5 35. Rg5 Qf8 36. Kb2 Re8 37. f3 Qf4 38. Rg2 Qxh4 39. Qa6 Rxe4 40. Qxc6
Rg5 41. Qc7+ Kh6 42. Rh2 Re7 43. Qb8 Qf4 44. Qxf4 1-0

[Event "London Classic Superrapid"]
[Site "London ENG"]
[Date "2015.12.12"]
[Round "2.9"]
[White "Obioma Onuoha"]
[Black "Pert, Nicholas"]
[Result "1/2-1/2"]
[BlackTitle "GM"]
[WhiteElo "2165"]
[BlackElo "2569"]
[WhiteFideId "8505837"]
[BlackFideId "403989"]
[EventDate "2015.12.12"]

1. e4 e6 2. d4 d5 3. exd5 exd5 4. Nf3 Nc6 5. Bd3 Bd6 6. O-O Nge7 7. h3 Bf5 8.
Re1 Qd7 9. Ne5 Nxe5 10. dxe5 Bc5 11. Qf3 O-O-O 12. Nc3 Be6 13. a4 h6 14. a5 a6
15. Na4 Ba7 16. b4 g5 17. Qe2 g4 18. b5 axb5 19. Bxb5 Nc6 20. a6 Kb8 21. Rb1 Nd4
22. Bxd7 Nxe2+ 23. Rxe2 Bxd7 24. Rxb7+ Ka8 25. Nc3 Bc8 26. Rxc7 Bxa6 27. Rd2 g3
28. Rxf7 gxf2+ 29. Rdxf2 Rhe8 30. Bf4 Bb7 31. Nb5 Bxf2+ 32. Kxf2 Rg8 33. Nc7+
Ka7 34. e6 d4 35. g3 Kb6 36. e7 Rc8 37. Rf6+ Kc5 38. e8=Q Rgxe8 39. Nxe8 Rxe8
40. Rxh6 Be4 41. Rh5+ Kc4 42. Re5 Rxe5 43. Bxe5 Bxc2 44. Ke1 Kd5 45. Bf4 Ke4 46.
Kd2 Ba4 47. h4 Be8 48. Bc7 Bh5 49. Bb6 d3 50. Bc7 Bg4 51. Bf4 Bf3 52. Kc3 Bg4
53. Kc4 Bh5 54. Kc5 Kf3 55. Kd5 d2 56. Bxd2 Kxg3 57. Bg5 Kg4 58. Ke6 Be8 59. Kf6
Kh5 60. Kg7 Ba4 1/2-1/2

[Event "London Classic Superrapid"]
[Site "London ENG"]
[Date "2015.12.12"]
[Round "2.10"]
[White "Gharamian, Tigran"]
[Black "du Maire, Jerome"]
[Result "1-0"]
[WhiteTitle "GM"]
[WhiteElo "2654"]
[BlackElo "2172"]
[WhiteFideId "13301527"]
[BlackFideId "24678945"]
[EventDate "2015.12.12"]

1. e4 e6 2. d4 d5 3. Nd2 Nc6 4. c3 e5 5. exd5 Qxd5 6. Ngf3 exd4 7. Bc4 Qh5 8.
cxd4 Nf6 9. O-O Be7 10. Ne5 Qxd1 11. Rxd1 O-O 12. Nxc6 bxc6 13. Nb3 a5 14. Bg5
h6 15. Bh4 Be6 16. Bxe6 fxe6 17. Nd2 Rab8 18. Nc4 c5 19. b3 a4 20. Na5 axb3 21.
Nxb3 cxd4 22. Nxd4 Rb6 23. a4 Ra8 24. Nb5 Bd6 25. Bg3 Nd5 26. Bxd6 cxd6 27. g3
Kf7 28. Ra3 Ke7 29. Nd4 Rba6 30. a5 Nb4 31. Rb3 Nc6 32. Nb5 Rb8 33. Rxd6 Rxb5
34. Rxc6 Rbxa5 35. Rb7+ Kf6 36. Rcc7 g5 37. Rh7 Rf5 38. Rxh6+ Ke5 39. Rb2 Rd6
40. Rg6 Rd4 41. Re2+ Kd5 42. Rgxe6 g4 43. Kg2 Rg5 44. Re8 Ra4 45. Rd8+ Kc6 46.
Red2 Kc7 47. R8d4 Ra6 48. Rc4+ 1-0

[Event "London Classic Superrapid"]
[Site "London ENG"]
[Date "2015.12.12"]
[Round "2.12"]
[White "Edouard, Romain"]
[Black "Juknis, Paulius"]
[Result "1-0"]
[WhiteTitle "GM"]
[WhiteElo "2635"]
[BlackElo "2192"]
[WhiteFideId "633429"]
[BlackFideId "12802247"]
[EventDate "2015.12.12"]

1. d4 Nf6 2. c4 g6 3. g3 Bg7 4. Bg2 O-O 5. Nc3 d6 6. Nf3 c6 7. O-O Qa5 8. e4 e5
9. h3 Nbd7 10. Be3 Re8 11. Qc2 b5 12. cxb5 cxb5 13. a4 b4 14. Nb5 Ba6 15. Nxd6
Bxf1 16. Nxe8 Bxg2 17. Nxf6+ Nxf6 18. Kxg2 exd4 19. Bxd4 Re8 20. Qc6 Re6 21.
Qa8+ Re8 22. Qxa7 Qxa7 23. Bxa7 Nxe4 24. Bd4 Bxd4 25. Nxd4 Nc5 26. a5 Na6 27.
Rc1 Rd8 28. Nb3 Rd6 29. Rc8+ Kg7 30. Nc5 f5 31. Nxa6 Rxa6 32. Rc5 Kf6 33. Rb5
Ra7 34. h4 Ke6 35. Kf3 Kd6 36. Kf4 Kc6 37. Rxb4 Rxa5 38. Kg5 Ra7 39. h5 gxh5 40.
Rf4 Kd6 41. Rxf5 Ke6 42. Rf6+ Ke5 43. Rf4 1-0

[Event "London Classic Superrapid"]
[Site "London ENG"]
[Date "2015.12.12"]
[Round "2.13"]
[White "Kalavannan, Koby"]
[Black "Hammer, Jon Ludvig"]
[Result "0-1"]
[BlackTitle "GM"]
[WhiteElo "2063"]
[BlackElo "2682"]
[WhiteFideId "425753"]
[BlackFideId "1503707"]
[EventDate "2015.12.12"]

1. d4 Nf6 2. Nf3 d5 3. c4 e6 4. g3 Bb4+ 5. Bd2 Bd6 6. Bg2 O-O 7. O-O c6 8. Qc2
Ne4 9. b3 Nd7 10. Nc3 Nxd2 11. Nxd2 f5 12. e3 Rb8 13. f3 b5 14. c5 Bc7 15. b4 a5
16. a3 e5 17. f4 e4 18. Nd1 g5 19. Nf2 gxf4 20. gxf4 Qh4 21. Nh3 Kh8 22. Qd1 Rg8
23. Kh1 Nf6 24. Qe1 Qh6 25. Rg1 Bd7 26. Nf1 Rg7 27. Ng3 Ng4 28. Ra2 Ra8 29. Re2
axb4 30. axb4 Ra4 31. Bf1 Qh4 32. Bg2 Bd8 33. Nf1 Qxe1 34. Rxe1 Rxb4 35. Re2 Bh4
36. Nd2 Ra4 37. Nb1 Be8 38. Nc3 Ra3 39. Nd1 Bh5 40. Rb2 Nxe3 41. Nxe3 Rxe3 42.
Ra2 Rg8 43. Ra6 Re2 44. Ng5 Bxg5 45. fxg5 Rxg5 46. Rxc6 Rexg2 47. Rc8+ Kg7 48.
Rxg2 Bf3 49. c6 Rxg2 0-1